书目信息 |
| 题名: |
社会工作实务手册
|
|
| 作者: | 朱眉华 , 文军 主编 | |
| 分册: | ||
| 出版信息: | 北京 社会科学文献出版社 2006.02 |
|
| 页数: | 302页 | |
| 开本: | 26cm | |
| 丛书名: | ||
| 单 册: | ||
| 中图分类: | C916-62 | |
| 科图分类: | ||
| 主题词: | 社会工作--she hui gong zuo--手册 | |
| 电子资源: | ||
| ISBN: | 7-80190-958-5 | |
| 000 | 00927nam0 2200265 450 | |
| 001 | 012007210992 | |
| 005 | 20070930152710.09 | |
| 010 | @a7-80190-958-5@dCNY33.00 | |
| 100 | @a20070804d2006 km y0chiy0120 ea | |
| 101 | 0 | @achi |
| 102 | @aCN@b110000 | |
| 105 | @ay a 000yy | |
| 200 | 1 | @a社会工作实务手册@Ashe hui gong zuo shi wu shou ce@f朱眉华, 文军主编@Fzhu mei hua,wen jun zhu bian |
| 210 | @a北京@c社会科学文献出版社@d2006.02 | |
| 215 | @a302页@d26cm | |
| 312 | @a英文并列题名取自封面。 | |
| 320 | @a有书目 (第299-302页)。 | |
| 330 | @a本书主要讲述了社会工作实务基础、社会工作职业特质、社会工作实务通用过程、社会工作实务具体方法、社会工作实务常用模式等内容。 | |
| 510 | 1 | @aHandbook of social work practice@zeng |
| 606 | 0 | @a社会工作@Ashe hui gong zuo@j手册 |
| 690 | @aC916-62@v4 | |
| 701 | 0 | @a朱眉华@Azhu mei hua@4主编 |
| 701 | 0 | @a文军@Awen jun@4主编 |
| 801 | 0 | @aCN@c20070930 |
| 905 | @dC916-62@eZ862 | |
| 社会工作实务手册/朱眉华, 文军主编.-北京:社会科学文献出版社,2006.02 |
| 302页;26cm |
| ISBN 7-80190-958-5:CNY33.00 |
| 本书主要讲述了社会工作实务基础、社会工作职业特质、社会工作实务通用过程、社会工作实务具体方法、社会工作实务常用模式等内容。 |
| ● |
| 相关链接 |
|
|
|
正题名:社会工作实务手册
索取号:C916-62/Z862
 
预约/预借
| 序号 | 登录号 | 条形码 | 馆藏地/架位号 | 状态 | 备注 |
| 1 | 255743 | 202557438 | 社科库509/509社科库 62排8列5层/ [索取号:C916-62/Z862] | 在馆 | |
| 2 | 255745 | 202557456 | 社科库509/509社科库 62排8列5层/ [索取号:C916-62/Z862] | 在馆 |